00497nam a2200145Ia 4500008004100000041000800041082001200049100002300061245002400084260003200108300001800140520004200158999001700200952013400217240719s9999 xx 000 0 und d aeng a828 KAN aKanisetti, Anirudh aLords Of The Deccan aNew DelhibJuggernautc2022 a460 P.; 24 Cm aFaculty Purchase By Dr. Senthil Kumar c41153d41153 00104070aIMTNbIMTNcRack 42-Ad2022-06-28eAmazong557.00l1o828 KANp32848r2025-01-24 00:00:00s2025-01-13w2022-09-06yBK